The dialogic imagination: four essays
Saved in:
| Main Author: | |
|---|---|
| Format: | Book |
| Language: | English |
| Published: |
Austin
University of Texas
1981
|
| Series: | University of Texas Press Slavic Series, 1
|
| Subjects: | |
| Tags: |
Add Tag
No Tags, Be the first to tag this record!
|
MARC
| LEADER | 00000nam a2200000 a 4500 | ||
|---|---|---|---|
| 001 | UCL0452 | ||
| 003 | CL-VaPUC | ||
| 008 | 030718e19810000US |||||||||||||||||eng|d | ||
| 020 | |a 029271534X | ||
| 082 | 0 | 4 | |a 808.3 |b BAJ |2 21 |
| 100 | 0 | |a Bajtín, Mijaíl Mijáilovich |e author |9 477143 | |
| 245 | 1 | 4 | |a The dialogic imagination: four essays |
| 300 | |a 443 p | ||
| 942 | |c BK | ||
| 945 | |d 20030718 00:00:00 |a cmena | ||
| 260 | |a Austin |b University of Texas |c 1981 | ||
| 650 | 7 | |a NOVELISTICA |2 CL-VaPUC |9 477144 | |
| 650 | 0 | |a Retórica |9 266620 | |
| 650 | 0 | |a Ensayos |9 268724 | |
| 583 | |a last modification |c 20190725 11:24:55 |k Rodrigo Vera | ||
| 490 | 0 | |a University of Texas Press Slavic Series, 1 | |
| 999 | |c 304321 |d 304319 | ||
| 952 | |0 0 |1 0 |4 0 |6 808_300000000000000_BAJ_1981 |7 0 |8 A |9 366330 |a BIBARQ |b BIBARQ |d 2019-11-21 |i 3920232 |o 808.3 BAJ 1981 |p 3920232 |r 2025-01-20 |w 2019-11-21 |y BK |k ARQ | ||